| 000 | 00538nam a22001937a 4500 | ||
|---|---|---|---|
| 020 | _a9788188827510 | ||
| 082 |
_a780.922 54 _bGOW/G |
||
| 245 |
_aGreat Composers of Indian Music: _btheir contributions and life styles/ _cby Gowri Kuppuswamy (ed.) |
||
| 260 |
_aNew Delhi: _bB R Rythms, _c2015. |
||
| 300 | _a250p. | ||
| 650 | _aBiography Composers | ||
| 650 | _aComposers India | ||
| 650 | _aMusic India | ||
| 650 | _aMusic | ||
| 650 | _aArts | ||
| 700 | _aGowri Kuppuswamy (ed.) | ||
| 700 | _aHariharan M (ed.) | ||
| 942 | _cBK | ||
| 999 |
_c143723 _d143723 |
||